La psicosociología en sus aplicaciones / (Record no. 123228)

MARC details
000 -LEADER
campo de control de longitud fija 00768nam a2200217 4500
001 - NÚMERO DE CONTROL
campo de control 123228
003 - IDENTIFICADOR DE NÚMERO DE CONTROL
campo de control ES-MaACL
005 - FECHA Y HORA DE LA ÚLTIMA TRANSACCIÓN
campo de control 20230906192132.0
007 - CAMPO FIJO DE DESCRIPCIÓN FÍSICA--INFORMACIÓN GENERAL
campo de control de longitud fija t|
008 - DATOS DE LONGITUD FIJA--INFORMACIÓN GENERAL
campo de control de longitud fija 070214s1971 sp r ||||0| spa d
110 2# - ENTRADA PRINCIPAL--NOMBRE DE ENTIDAD CORPORATIVA
Nombre de entidad corporativa o nombre de jurisdicción como elemento de entrada Fondation Royaumont.
9 (RLIN) 4140
245 13 - MENCIÓN DEL TÍTULO
Título La psicosociología en sus aplicaciones /
Mención de responsabilidad, etc. Fundación Royaumont ; Anne Ancelin-Schützenberger... [et al.] ; [traducción Manuel S. de Boado].
260 ## - PUBLICACIÓN, DISTRIBUCIÓN, ETC.
Lugar de publicación, distribución, etc. Madrid :
Nombre del editor, distribuidor, etc. Marova,
Fecha de publicación, distribución, etc. 1971.
300 ## - DESCRIPCIÓN FÍSICA
Extensión 236 p ;
Dimensiones 21 cm.
490 1# - MENCIÓN DE SERIE
Mención de serie Biblioteca Marova de Estudios del hombre
700 1# - ENTRADA AGREGADA--NOMBRE PERSONAL
Nombre de persona Ancelin Schutzenberger, Anne.
9 (RLIN) 186583
700 1# - ENTRADA AGREGADA--NOMBRE PERSONAL
Nombre de persona Boado, Manuel S. de.
9 (RLIN) 29625
830 0# - PUNTO DE ACCESO ADICIONAL DE SERIE-TÍTULO UNIFORME
Título uniforme Biblioteca Marova de Estudios del hombre
9 (RLIN) 181307
852 ## - LOCALIZACIÓN
Ubicación ES-MaACL
Número de control de estantería C-41930
Sublocalización o colección R.78282
Holdings
Estatus retirado Estado de pérdida Estado de daño No para préstamo Biblioteca de origen Biblioteca actual Ubicación en estantería Fecha de adquisición Fuente de adquisición Total de préstamos Signatura topográfica completa Código de barras Visto por última vez Precio de reemplazo Tipo de ítem Koha
        Biblioteca del Ateneo de Madrid Biblioteca del Ateneo de Madrid Depósito 2 17/01/2008     C-41930 1128400 23/02/2023 23/02/2023 Libro impreso